[Event "OHRA-A it"]
[Site "Brussels BEL"]
[Date "1986.12.14"]
[Round "3"]
[White "Kortschnoj, Viktor"]
[Black "Portisch, Lajos"]
[Result "0-1"]
[WhiteElo "2650"]
[BlackElo "2605"]
[EventDate "1986.12.12"]
[PlyCount "84"]

1.Nf3 c5 2.b3 Nf6 3.Bb2 e6 4.e3 Be7 5.d4 cxd4 6.exd4 O-O 7.Nbd2 b6 8.Bd3 
Bb7 9.a3 d6 10.O-O Nbd7 11.Re1 Re8 12.c4 Bf8 13.Bc2 Rc8 14.b4 g6 15.Ba4 
Bc6 16.Bxc6 Rxc6 17.Qb3 Rc7 18.Rac1 Qa8 19.Qd3 Bh6 20.Rc3 e5 21.dxe5 dxe5 
22.Qe2 e4 23.Nd4 Ne5 24.Rh3 Bg7 25.N4b3 Nd3 26.Bxf6 Nf4 27.Qe3 Nxh3+ 28.
gxh3 Bxf6 29.Nxe4 Kg7 30.Nbd2 Rd7 31.Qf3 Qd8 32.Nf1 Bd4 33.Ne3 Rde7 34.Nd5
f5 35.Nxe7 Rxe7 36.Kg2 Rxe4 37.Rxe4 fxe4 38.Qxe4 Qg5+ 39.Kf1 Qe5 40.Qb7+ 
Kh6 41.Qxa7 Qf4 42.Ke2 Qxf2+ 0-1

[Event "OHRA-A it"]
[Site "Brussels BEL"]
[Date "1986.12.16"]
[Round "5"]
[White "Kasparov, Garry"]
[Black "Portisch, Lajos"]
[Result "1-0"]
[WhiteElo "2740"]
[BlackElo "2605"]
[EventDate "1986.12.12"]
[PlyCount "126"]

1.d4 Nf6 2.c4 e6 3.Nf3 d5 4.Nc3 Be7 5.Bg5 O-O 6.e3 Nbd7 7.Qc2 h6 8.cxd5 
exd5 9.Bf4 c5 10.Be2 b6 11.O-O Bb7 12.Rfd1 Rc8 13.dxc5 bxc5 14.a4 Qa5 15.
Nh4 Rfd8 16.Nf5 Bf8 17.Nb5 Ne8 18.Bd6 Nxd6 19.Nfxd6 Rb8 20.Nxb7 Rxb7 21.
Rxd5 Rdb8 22.Qd2 Qxd2 23.Rxd2 Nf6 24.Ra2 Ne4 25.Rc2 Rd7 26.g3 a5 27.Kg2 g6
28.Bf3 Nf6 29.Na3 Bd6 30.Bc6 Rdd8 31.Ra1 Be5 32.Bb5 Nd5 33.Rb1 Bd6 34.Rd2 
Nb6 35.Rc1 Be7 36.Re2 Rbc8 37.Nb1 Kg7 38.Nd2 Ra8 39.Nb3 Rdc8 40.Rec2 c4 
41.Nd2 Ra7 42.Nxc4 Nxc4 43.Rxc4 Rxc4 44.Rxc4 f5 45.h3 h5 46.g4 hxg4 47.
hxg4 fxg4 48.Kg3 Bd6+ 49.Kxg4 Rc7 50.Bc6 Rf7 51.f4 Kh6 52.Bd5 Rf6 53.Rc1 
Kg7 54.b3 Rf8 55.Rd1 Bc5 56.Rd3 Ba3 57.Bc4 Bc1 58.Rd7+ Kh6 59.Re7 Bd2 60.
Kf3 Bb4 61.Rb7 Bc3 62.Bd3 Rf6 63.Kg4 Bd2 1-0

[Event "OHRA-A it"]
[Site "Brussels BEL"]
[Date "1986.12.18"]
[Round "6"]
[White "Kasparov, Garry"]
[Black "Nunn, John Denis Martin"]
[Result "1-0"]
[WhiteElo "2740"]
[BlackElo "2595"]
[EventDate "1986.12.12"]
[PlyCount "35"]

1.d4 Nf6 2.c4 g6 3.Nf3 Bg7 4.g3 c6 5.Bg2 d5 6.cxd5 cxd5 7.Nc3 O-O 8.Ne5 e6
9.O-O Nfd7 10.f4 Nxe5 11.fxe5 Nc6 12.e4 dxe4 13.Be3 f5 14.exf6 Rxf6 15.
Nxe4 Rxf1+ 16.Qxf1 Nxd4 17.Rd1 e5 18.Ng5 1-0